Climate system and ozone/ (Record no. 152678)

MARC details
000 -LEADER
fixed length control field 00557nam a22001817a 4500
005 - DATE AND TIME OF LATEST TRANSACTION
control field 20180702170044.0
010 ## - LCCN (DPL NO)
LC control number ENG-123215
020 ## - INTERNATIONAL STANDARD BOOK NUMBER
International Standard Book Number 9789350300312
Terms of availability 1495.00
035 ## - SYSTEM CONTROL NUMBER
System control number EN-106747
037 ## - SOURCE OF ACQUISITION
Source of stock number/acquisition DBAD/PUB
082 ## - DEWEY DECIMAL CLASSIFICATION NUMBER
Classification number 363.73874
100 ## - MAIN ENTRY--PERSONAL NAME
Personal name Mittal Vijay
245 ## - TITLE STATEMENT
Title Climate system and ozone/
Statement of responsibility, etc by Vijay Mittal
260 ## - PUBLICATION, DISTRIBUTION, ETC. (IMPRINT)
Place of publication, distribution, etc New Delhi
Name of publisher, distributor, etc Oxford book
Date of publication, distribution, etc 2012
270 ## - ADDRESS
Address B.O.102,1st Floor, Satyam House, 4327/3, Ansari Road, Darya Ganj,
City New Delhi
Postal code 110002
300 ## - PHYSICAL DESCRIPTION
Extent 278p.
Dimensions 22cm(Hb)
942 ## - ADDED ENTRY ELEMENTS (KOHA)
Source of classification or shelving scheme Dewey Decimal Classification
Item type English Books
Call number suffix MIT
Classification part 363.73874
Holdings
Withdrawn status Lost status Not for loan Collection code Home library Current library Date acquired Source of acquisition Cost, normal purchase price Full call number Barcode Copy number Cost, replacement price Koha item type
    Not For Loan Non-fiction D.B.Act.Division Central Library 13/06/2018 DBAD/PUB 1495.00 363.73874 MIT EN-106747 1 1495.00 English Books

© Delhi Public Library
Hit Counter
free hit counter